Wichtige Persönlichkeiten in der deutschen Geschichte des 20. und 21. Jahrhunderts diplomová práca

Guardado en:
Detalles Bibliográficos
Autor principal: Sedláková, Zuzana
Autor Corporativo: Fakulta aplikovaných jazykov EU v Bratislave. Katedra interkultúrnej komunikácie
Otros Autores: Kunovská, Ingrid, 1976-
Formato: Libro
Lenguaje:alemán
Publicado: Bratislava 2017
Etiquetas: Agregar Etiqueta
Sin Etiquetas, Sea el primero en etiquetar este registro!

MARC

LEADER 00000nbm a2200000 4500
001 0231464
005 20180215144459.6
041 0 |a ger 
044 |a SK 
245 1 0 |a Wichtige Persönlichkeiten in der deutschen Geschichte des 20. und 21. Jahrhunderts  |b diplomová práca  |c Zuzana Sedláková ; školiteľ: Ingrid Kunovská 
264 1 |a Bratislava  |c 2017 
300 |a 76 s. 
100 1 |a Sedláková, Zuzana 
700 1 |a Kunovská, Ingrid, 1976- 
710 2 |a Fakulta aplikovaných jazykov EU v Bratislave. Katedra interkultúrnej komunikácie